01118nam a2200325Ia 450000500170000000800410001702000150005804100080007308200180008110000260009924501300012525000220025530000480027749000250032550000210035050400270037150500690039865000230046765000340049065000420052465000210056670000230058794200120061026400320062233600270065433700330068133800280071404000350074299900150077720220317001730.0170328s2009 s o g 000 0 s  a8434228890 aspa04a746.412bH27c1 aHernández, Caterina10aCesteríablas técnicas de la cestería explicadas paso a pasoccoordinación y textos Caterina Hernández, Eva Pascual aSegunda edición a144 páginasbfotografías a colorc27 cm aOficios artísticos aIncluye glosario aIncluye bibliografía aMateriales y herramientas -- Técnicas básicas -- Paso a paso142LEMBaArtesanías142LEMBaTejido a manovManuales142LEMBaTrabajos manuales (Educación)142LEMBaCestería1 aPascual, Eva97953 2ddccBK aBarcelonabParramónc2009 atextobtxt2rdacontent asin mediaciónbn2rdamedia avolumenbnc2rdacarrier aCO-BoRNBPbspaerdacCO-BoRNBP c7889d7889